000
00198nam a22000857a 4500
008
170626b xxu||||| |||| 00| 0 eng d
100
_9
3687
_a
Kalam. A
245
_a
Wings on fire
260
_a
Hydrapad
_c
2009
999
_c
7103
_d
7103